000 00490nam a2200181Ia 4500
999 _c3636
_d3636
003 GBCCL
005 20241126110459.0
008 171130b xxu||||| |||| 00| 0 eng d
040 _cgbc
082 _a220.6
_bMOO
100 _aMoon, Jesse K.
_97225
245 _aHow to study and interpret the Bible /
_cJesse K. Moon
260 _bAuthor,
_aTexas:
_c1974
300 _a79p.;
_bill.,
_c22 cm.
650 _aBible
_vInterpretation
_97226
650 _aBible
_vStudies
_97167
942 _2ddc
_cBK
_04